<?xml version="1.0" encoding="UTF-8"?>
<record
    xmlns:xsi="http://www.w3.org/2001/XMLSchema-instance"
    xsi:schemaLocation="http://www.loc.gov/MARC21/slim http://www.loc.gov/standards/marcxml/schema/MARC21slim.xsd"
    xmlns="http://www.loc.gov/MARC21/slim">

  <leader>02504nam a22003257a 4500</leader>
  <controlfield tag="005">20170629020001.0</controlfield>
  <controlfield tag="008">140218t2011    ck ad  grf    00| 0 spa d</controlfield>
  <datafield tag="020" ind1=" " ind2=" ">
    <subfield code="a">9789589009444</subfield>
  </datafield>
  <datafield tag="041" ind1=" " ind2=" ">
    <subfield code="a">spa</subfield>
  </datafield>
  <datafield tag="044" ind1=" " ind2=" ">
    <subfield code="a">ck</subfield>
  </datafield>
  <datafield tag="082" ind1=" " ind2=" ">
    <subfield code="a">570.078</subfield>
    <subfield code="b">B116b</subfield>
  </datafield>
  <datafield tag="100" ind1="1" ind2=" ">
    <subfield code="a">Bacca Gonz&#xE1;lez, Cecilia</subfield>
    <subfield code="9">6593</subfield>
  </datafield>
  <datafield tag="245" ind1="1" ind2=" ">
    <subfield code="a">Biolog&#xED;a General :</subfield>
    <subfield code="b">manual de laboratorio /</subfield>
    <subfield code="c">Cecilia Bacca Gonz&#xE1;lez, Sandra Patricia Cadena, Giomar Medina Ospina, Habib Fernando Yanine, Julio C&#xE9;sar Giraldo y Edgar Reyes</subfield>
  </datafield>
  <datafield tag="260" ind1=" " ind2=" ">
    <subfield code="a">Bogot&#xE1;</subfield>
    <subfield code="b">Universidad INCCA de Colombia</subfield>
    <subfield code="c">2011</subfield>
  </datafield>
  <datafield tag="300" ind1=" " ind2=" ">
    <subfield code="a">122 p. </subfield>
    <subfield code="c">27.5 cm</subfield>
  </datafield>
  <datafield tag="504" ind1=" " ind2=" ">
    <subfield code="a">Contiene bibliograf&#xED;a al final de cada cap&#xED;tulo y tres anexos al final</subfield>
  </datafield>
  <datafield tag="505" ind1=" " ind2=" ">
    <subfield code="a">1. Presentaci&#xF3;n p. 5
2. Reconocimiento de laboratorio y normas de seguridad p. 7
3. Microscop&#xED;a p.11
4. Microscopia. Objetivo de inmersi&#xF3;n p. 19
5. Observaci&#xF3;n de c&#xE9;lulas eucariotas p. 23
6. Obersvaci&#xF3;n de colonias bacterianas p. 27
7. Separaci&#xF3;n de mexclas p. 31
8. Mitosis p. 39
9. Meiosis p. 43
10. Din&#xE1;mica citoplasm&#xE1;tica p. 45
11. Identificaci&#xF3;n de biocompuestos p. 51
12. Reconocimiento cualitativo de carbohidratos p. 59
13. Reconocimiento de vitaminas p. 65
14. Factores que afectan la actividad de las enzimas p. 71
15. Factores que afectan la catalasa p. 77
16. Aislamiento del ADN y reconocimiento por la reacci&#xF3;n de la difenilamina p. 83
17. Extracci&#xF3;n de &#xE1;cido desoxirribonucleico a partir de material vegetal y animal p. 89
18. Separaci&#xF3;n de pigmentos vegetales por cromatografia unidimensional y bidimensional en capa fina p. 95
19. Reconocimiento de cloroplastos (fotos&#xED;ntesis) p. 99
20. Verificaci&#xF3;n experimental de la respiraci&#xF3;n anaerobia p. 103
21. Fermentaci&#xF3;n de la glucosa por enzimas de la levadura p. 105</subfield>
  </datafield>
  <datafield tag="650" ind1=" " ind2=" ">
    <subfield code="a">Biolog&#xED;a</subfield>
    <subfield code="x">Manuales de Laboratorio</subfield>
    <subfield code="x">Ense&#xF1;anzas</subfield>
    <subfield code="9">9067</subfield>
  </datafield>
  <datafield tag="700" ind1="1" ind2=" ">
    <subfield code="a">Cadena, Sandra Patricia</subfield>
    <subfield code="e">Autor</subfield>
    <subfield code="9">6600</subfield>
  </datafield>
  <datafield tag="700" ind1="1" ind2=" ">
    <subfield code="a">Medina Ospina, Giomar</subfield>
    <subfield code="e">Autor</subfield>
    <subfield code="9">6601</subfield>
  </datafield>
  <datafield tag="700" ind1="1" ind2=" ">
    <subfield code="a">Yanine, Habib Fernando</subfield>
    <subfield code="e">Autor</subfield>
    <subfield code="9">6602</subfield>
  </datafield>
  <datafield tag="700" ind1="1" ind2=" ">
    <subfield code="a">Giraldo, Julio C&#xE9;sar</subfield>
    <subfield code="e">Autor</subfield>
    <subfield code="9">6603</subfield>
  </datafield>
  <datafield tag="700" ind1="1" ind2=" ">
    <subfield code="a">Reyes, Edgar</subfield>
    <subfield code="e">Autor</subfield>
    <subfield code="9">6604</subfield>
  </datafield>
  <datafield tag="700" ind1="1" ind2=" ">
    <subfield code="a">Padilla L&#xF3;pez, Clara Virginia</subfield>
    <subfield code="e">Ed</subfield>
    <subfield code="e">Correcci&#xF3;n de Estilo</subfield>
    <subfield code="9">6594</subfield>
  </datafield>
  <datafield tag="700" ind1="1" ind2=" ">
    <subfield code="a">Su&#xE1;rez Torres, Fanny Roc&#xED;o</subfield>
    <subfield code="e">Dise&#xF1;o Car&#xE1;tula</subfield>
    <subfield code="9">6595</subfield>
  </datafield>
  <datafield tag="700" ind1="1" ind2=" ">
    <subfield code="a">Cort&#xE9;s Bacca, Doris Cristina</subfield>
    <subfield code="e">Dise&#xF1;o Car&#xE1;tula</subfield>
    <subfield code="9">6596</subfield>
  </datafield>
  <datafield tag="700" ind1="1" ind2=" ">
    <subfield code="a">P&#xE1;ez Zamudio, Nadia Smith</subfield>
    <subfield code="e">Correcci&#xF3;n Electr&#xF3;nica</subfield>
    <subfield code="e">Arte Final</subfield>
    <subfield code="9">6597</subfield>
  </datafield>
  <datafield tag="710" ind1="2" ind2=" ">
    <subfield code="a">Universidad INCCA de Colombia</subfield>
    <subfield code="b">Facultad de Ingenier&#xED;a, Administraci&#xF3;n y Ciencias B&#xE1;sicas</subfield>
    <subfield code="e">Editorial</subfield>
    <subfield code="9">9068</subfield>
  </datafield>
  <datafield tag="942" ind1=" " ind2=" ">
    <subfield code="2">ddc</subfield>
    <subfield code="c">Impreso</subfield>
    <subfield code="0">1</subfield>
  </datafield>
  <datafield tag="999" ind1=" " ind2=" ">
    <subfield code="c">8119</subfield>
    <subfield code="d">8119</subfield>
  </datafield>
  <datafield tag="952" ind1=" " ind2=" ">
    <subfield code="0">0</subfield>
    <subfield code="1">0</subfield>
    <subfield code="2">ddc</subfield>
    <subfield code="4">0</subfield>
    <subfield code="7">0</subfield>
    <subfield code="8">GENERAL</subfield>
    <subfield code="I">INV2017</subfield>
    <subfield code="a">Bogota</subfield>
    <subfield code="b">Bogota</subfield>
    <subfield code="d">2014-02-18</subfield>
    <subfield code="e">Instituto</subfield>
    <subfield code="g">39000.00</subfield>
    <subfield code="l">1</subfield>
    <subfield code="o">LB570.078 B116b</subfield>
    <subfield code="p">034044</subfield>
    <subfield code="r">2017-06-28 00:00:00</subfield>
    <subfield code="s">2017-06-28</subfield>
    <subfield code="t">Ej. 1</subfield>
    <subfield code="w">2014-02-18</subfield>
    <subfield code="x">Donaci&#xF3;n</subfield>
    <subfield code="y">LIBRO</subfield>
  </datafield>
</record>
